000 00706aas a2200229 4500
999 _c3696
_d3696
003 BR-BrBNA
005 20230317233900.0
007 ta
008 230119b bl ||||| |||| 00| 0 por d
035 _a000485-5
040 _aBR-BrBNA
_bPor
_cBR-BrBNA
042 _aN
044 _abl
245 _aSérie Estudos Socios-Economicos do Estado do Amazonas (Brazil)
260 _aManaus-AM
_bEmpresa de Assistência Técnica e Extensão Rural de Amazonas - EMATER-AM
_c1978. Data final de publicação em 1978
_eBAM
270 _aAv. Joaquim Nabuco, 628 - Cep: 69.000
310 _airregular
500 _aFoi publicado apenas 4 volumes.
505 _a1978 (1-4);
909 _a56
_bSergio Santos
_c56
_dSergio Santos
942 _cCR
_2AGRIS